| 000 | 00403nam a2200145Ia 4500 | ||
|---|---|---|---|
| 008 | 230917s9999||||xx |||||||||||||| ||und|| | ||
| 040 |
_e126075 _aMAIN |
||
| 041 | _aEnglish | ||
| 082 | _a822.09 K147G | ||
| 100 | _aMukherjee,Tutun,ed. | ||
| 245 | 0 | _aGirish Karnad's plays: Performance and critical perspectives | |
| 260 |
_aNew Delhi _bPencraft International _c2006 |
||
| 300 | _a376 p. | ||
| 942 | _cBK | ||
| 999 |
_c133119 _d133119 |
||